Biblioteca y Centro de Documentación

Who benefits from a minimum wage increase? (Registro nro. 48743)

Detalles MARC
000 -CABECERA
Longitud fija campo de control 01214naa a2200313 c 4500
001 - NÚMERO DE CONTROL
Número de control 48743
003 - IDENTIFICADOR DE NÚMERO DE CONTROL
Identificador del número de control ES-MaCES
005 - FECHA Y HORA DE LA ÚLTIMA TRANSACCIÓN
Fecha y hora de la última transacción 20161230143428.0
008 - CAMPO FIJO DE DESCRIPCIÓN FIJA--INFORMACIÓN GENERAL
Códigos de información de longitud fija   161230s2016 us ||||| t||||||| ||eng d
040 ## - FUENTE DE CATALOGACIÓN
Centro catalogador de origen ES-MaCES
Lengua de catalogación spa
Centro transcriptor ES-MaCES
Centro modificado ES-MaCES
100 1# - ENCABEZAMIENTO PRINCIPAL--NOMBRE PERSONAL
9 (RLIN) 37675
Nombre de persona Lopresti, John W.
245 10 - MENCIÓN DE TÍTULO
Título Who benefits from a minimum wage increase?
Mención de responsabilidad, etc. John W. Lopresti, Kevin J. Mumford
500 ## - NOTA GENERAL
Nota general Resumen
504 ## - NOTA DE BIBLIOGRAFÍA, ETC.
Nota de bibliografía, etc. Bibliografía: p. 1189-1190
650 #4 - ASIENTO SECUNDARIO DE MATERIA--TÉRMINO DE MATERIA
9 (RLIN) 28382
Término de materia o nombre geográfico como elemento inicial salario mínimo
650 #4 - ASIENTO SECUNDARIO DE MATERIA--TÉRMINO DE MATERIA
9 (RLIN) 28388
Término de materia o nombre geográfico como elemento inicial determinación del salario
650 #4 - ASIENTO SECUNDARIO DE MATERIA--TÉRMINO DE MATERIA
9 (RLIN) 28390
Término de materia o nombre geográfico como elemento inicial sistema de remuneración
650 #4 - ASIENTO SECUNDARIO DE MATERIA--TÉRMINO DE MATERIA
9 (RLIN) 28391
Término de materia o nombre geográfico como elemento inicial política salarial
650 #4 - ASIENTO SECUNDARIO DE MATERIA--TÉRMINO DE MATERIA
9 (RLIN) 30745
Término de materia o nombre geográfico como elemento inicial análisis del mercado de mano de obra
650 #4 - ASIENTO SECUNDARIO DE MATERIA--TÉRMINO DE MATERIA
9 (RLIN) 28292
Término de materia o nombre geográfico como elemento inicial mercado de trabajo
650 #4 - ASIENTO SECUNDARIO DE MATERIA--TÉRMINO DE MATERIA
9 (RLIN) 30174
Término de materia o nombre geográfico como elemento inicial flexibilidad del trabajo
650 #4 - ASIENTO SECUNDARIO DE MATERIA--TÉRMINO DE MATERIA
9 (RLIN) 28889
Término de materia o nombre geográfico como elemento inicial análisis estadístico
650 #4 - ASIENTO SECUNDARIO DE MATERIA--TÉRMINO DE MATERIA
9 (RLIN) 28373
Término de materia o nombre geográfico como elemento inicial Estados Unidos
653 10 - TÉRMINO DE INDEXACIÓN--NO CONTROLADO
Término no controlado Relaciones laborales-Empleo
700 1# - ENCABEZAMIENTO SECUNDARIO--NOMBRE PERSONAL
9 (RLIN) 37676
Nombre de persona Mumford, Kevin J.
773 0# - ENTRADA DE DOCUMENTO FUENTE
Itemnumber del ítem fuente 85350
Lugar, editor y fecha de publicación New York (Ithaca, 14853-3901) Cornell University
Otro identificador del documento 088248
Título Industrial and labor relations review
Número de control del registro relacionado (ES-MaCES)25696
Parte(s) relacionada(s) vol. 69, no. 5 (Oct. 2017) {10695 R. 088248} ;p. 1171-1190
902 ## - CES. TIPO DE DOCUMENTO
Tipodoc (006$c Sirtex) ART Artículo de revista
942 ## - ELEMENTOS KOHA
Fuente de clasificaión o esquema Clasificación propia del CES
Koha [por defecto] tipo de item Artículos (1982-2017)
Parte de clasificación Relaciones Laborales y Rel. Lab.- Empleo

No hay ítems disponibles.

© CES, Consejo Económico y Social de España 2021